|
|
|
|
| LEADER |
00000nab a2200000 a 4500 |
| 001 |
vtls000391653 |
| 003 |
SK-MaSNL |
| 005 |
20260302235430.0 |
| 008 |
111202c1990 xo 0 slo |
| 015 |
|
|
|a SNBRB19rr/mm-uuuuu
|
| 035 |
|
|
|a CL0391777
|
| 040 |
|
|
|a SNKBUCL
|b slo
|c SNKBUCL
|e AACR2
|
| 041 |
0 |
|
|a slo
|
| 044 |
|
|
|a xo
|c SK
|
| 080 |
|
|
|a 36.075(437.6)
|2 1981
|
| 100 |
1 |
|
|a Moravčíková, Marta
|4 aut
|9 386810
|
| 245 |
1 |
0 |
|a Dobročinnosť musí bolieť
|c Marta Moravčíková
|
| 300 |
|
|
|b Obr. 1.
|
| 650 |
0 |
7 |
|a Slovenské ústredie humanitárnej pomoci, Bratislava
|2 snkbucl
|9 972091
|
| 655 |
|
7 |
|a články z novín a časopisov
|2 snkbucl
|9 267496
|
| 773 |
0 |
|
|t Mladé rozlety
|g Roč. 4, č. 31 (1990), s. 14-15
|
| 850 |
|
|
|a Slovenská národná knižnica v Martine
|a MTA001
|
| 852 |
|
|
|a SNK
|b KIS3GCP
|
| 958 |
|
|
|a RK
|
| 992 |
|
|
|a RBX
|
| 999 |
|
|
|c 1554708
|d 1556638
|